| 000 | 01841nam a2200277Ia 4500 | ||
|---|---|---|---|
| 999 |
_c52875 _d52875 |
||
| 001 | 19905 | ||
| 003 | GE_BSU | ||
| 005 | 20200508151129.0 | ||
| 008 | 181216s2016||||ge |||||||||||||| ||geo|| | ||
| 020 | _a9789941084294 | ||
| 040 | _cGE_BSU | ||
| 041 | _ageo | ||
| 080 | _a373.2+28 ს-58 | ||
| 245 |
_aსკოლამდელი აღსაზრდელთათვის ფასეულობათა სწავლება და აქტივობათა ნიმუშები / _cმთარგმნელი : გელა გოგიტიძე, უშანგი ბოლქვაძე ; მთავარი რედაქტორი ზურაბ მიქელაძე. |
||
| 264 |
_aბათუმი : _bერქამი, _c2016. |
||
| 300 |
_a168 გვ. : _bილ. ; _c20 სმ |
||
| 520 | _aწიგნი გამოცემულია საქართველოს ახალგაზრდებზე დახმარების ასოციაციის მიერ, სრულიად საქართველოს მუსლიმთა სამმართველოს ინიციატივით | ||
| 541 | _h5ლ. | ||
| 653 | _aისლამი | ||
| 653 | _aრელიგია | ||
| 653 | _aსკოლამდელი აღსაზრდელთათვის ფასეულობათა სწავლება და აქტივობათა ნიმუშები | ||
| 700 |
_a გოგიტიძე, გელა _eმთარგმნელი _98015 |
||
| 700 |
_a ბოლქვაძე, უშანგი _eმთარგმნელი _98016 |
||
| 700 |
_a მიქელაძე, ზურაბ _eმთავარი რედაქტორი _98017 |
||
| 942 |
_cBK _2udc |
||